States in Order of Population Quiz Stats

 Plays Quiz not verified by Sporcle

Challenge
Share
Tweet
Embed
Score 0/50 Timer 10:00
0 Plays Today
No. State % Correct
1 - 37.3M (2010 census)California
100%
2 - 25.1MTexas
100%
3 - 18.8MFlorida
98.5%
4 - 19.4MNew York
98.5%
5 - 12.8MIllinois
89.7%
6 - 12.7MPennsylvania
85.3%
7- 11.5MOhio
85.3%
10 - 9.9MMichigan
85.3%
9 - 9.5MNorth Carolina
83.8%
8 - 9.7MGeorgia
79.4%
14 - 6.5MMassachusetts
75%
11 - 8.8MNew Jersey
72.1%
50 - 565KWyoming
70.6%
12 - 8.0MVirginia
69.1%
48 - 710KAlaska
67.6%
13 - 6.7MWashington
66.2%
15 - 6.4MArizona
63.2%
20- 5.7MWisconsin
63.2%
49 - 626KVermont
63.2%
47 - 673KNorth Dakota
63.2%
46 - 814KSouth Dakota
63.2%
16 - 6.5MIndiana
60.3%
19 - 5.8MMaryland
60.3%
45 - 898KDelaware
60.3%
17 - 6.3MTennessee
58.8%
No. State % Correct
25 - 4.5MLouisiana
58.8%
43 - 1.1MRhode Island
58.8%
29 - 3.6MConnecticut
58.8%
40 - 1.4MHawaii
58.8%
30 - 3.0MIowa
57.4%
18 - 6.0MMissouri
55.9%
44 - 989KMontana
55.9%
41 - 1.3MMaine
55.9%
23 - 4.8MAlabama
54.4%
24 - 4.6MSouth Carolina
54.4%
26 - 4.3MKentucky
54.4%
27 - 3.8MOregon
54.4%
42 - 1.3MNew Hampshire
54.4%
39 - 1.6MIdaho
54.4%
22 - 5.0MColorado
52.9%
28 - 3.8MOklahoma
52.9%
21 - 5.3MMinnesota
51.5%
38 - 1.9MWest Virginia
51.5%
34- 2.9MKansas
50%
36 - 2.1MNew Mexico
48.5%
31 - 3.0MMississippi
47.1%
32 - 2.9MArkansas
47.1%
37 - 1.8MNebraska
47.1%
33 - 2.8MUtah
47.1%
35 - 2.7MNevada
44.1%

You're not logged in!

Compare scores with friends on all Sporcle quizzes.
OR
Log In

You Might Also Like...

Show Comments

Extras

Top Quizzes Today


Score Distribution

Your Account Isn't Verified!

In order to create a playlist on Sporcle, you need to verify the email address you used during registration. Go to your Sporcle Settings to finish the process.

Report this User

Report this user for behavior that violates our Community Guidelines.

Details: